Brilliant relationships : (Record no. 38205)

MARC details
000 -LEADER
fixed length control field 00761nam a22001937a 4500
005 - DATE AND TIME OF LATEST TRANSACTION
control field 20100730111759.0
010 ## - LCCN (DPL NO)
LC control number ENG-97420
020 ## - INTERNATIONAL STANDARD BOOK NUMBER
International Standard Book Number 9788131729243
Terms of availability 225.00
035 ## - SYSTEM CONTROL NUMBER
System control number EN-80953
037 ## - SOURCE OF ACQUISITION
Source of stock number/acquisition DBAD/PUB
082 ## - DEWEY DECIMAL CLASSIFICATION NUMBER
Classification number 646.78
100 ## - MAIN ENTRY--PERSONAL NAME
Personal name Lionnet, Annie
245 ## - TITLE STATEMENT
Title Brilliant relationships :
Remainder of title your ultimate guide to attracting and keeping the perfect partner /
Statement of responsibility, etc by Annie Lionnet
260 ## - PUBLICATION, DISTRIBUTION, ETC. (IMPRINT)
Place of publication, distribution, etc New Delhi
Name of publisher, distributor, etc Dorling Kindersley
Date of publication, distribution, etc 2010
270 ## - ADDRESS
Address 14 local shopping centre, panchsheel park
City New Delhi
Postal code 110017
300 ## - PHYSICAL DESCRIPTION
Extent xii, 150p.
Dimensions 22cm (pbk)
942 ## - ADDED ENTRY ELEMENTS (KOHA)
Source of classification or shelving scheme Dewey Decimal Classification
Item type English Books
Classification part 646.78
Call number suffix LIO
Holdings
Withdrawn status Lost status Not for loan Home library Current library Date acquired Source of acquisition Cost, normal purchase price Full call number Barcode Copy number Cost, replacement price Koha item type
    Not For Loan Andrews Gunj Andrews Gunj 03/08/2010 DBAD/PUB 225.00 646.78 LIO EN-80953 1 225.00 English Books

© Delhi Public Library
Hit Counter
free hit counter